000 00506nam a22001577a 4500
999 _c17356
_d17356
008 220930b ||||| |||| 00| 0 eng d
020 _a9781984638113
082 _22020
_aDC 641.5
_bV829
245 _aA visual reference to culinary arts.
260 _aNew York :
_b3G E-Learning,
_c©2020.
300 _avii, 242 pages :
_bcolor illustrations ;
_c23 cm.
500 _aIncludes bibliographical references and index.
650 _aCooking.
_946179
710 _a3G E-Learning LLC.
_932905
942 _2ddc
_cDC